| 000 | 00905nam a22002417a 4500 | ||
|---|---|---|---|
| 005 | 20240530110514.0 | ||
| 008 | 160116s2013 ua a g 000 0 ara d | ||
| 017 |
_a2012/21561 _bمصر . دار الكتب المصرية |
||
| 020 | _a9789774383416 | ||
| 040 | _aEG-CaGPL | ||
| 082 | 0 | 4 |
_221 _a361.7\ _bم م |
| 100 | 0 | _aمنال طلعت محمود . | |
| 245 | 1 | 2 |
_aالموارد البشرية و تنمية المجتمع المحلى / _cمنال طلعت محمود . |
| 250 | _aط1. | ||
| 260 |
_aالقاهرة : _bالمكتب الجامعى الحديث ، _c2013 . |
||
| 300 |
_a219 ص ؛ _c24 سم . |
||
| 504 | _aيشتمل على ارجاعات ببليوجرافية | ||
| 650 | 0 | 4 | _aالمجتمع المحلى . |
| 650 | 0 | 4 | _aالمجتمعات الريفية . |
| 650 | 0 | 4 | _aالتنمية الريفية . |
| 942 |
_2ddc _cBK |
||
| 999 |
_c61761 _d61761 |
||